000 01331cam a2200277 a 4500
001 000012087
005 20240501193633.0
008 990210s1998 mx a b 101 0 spa
020 _a9686101853
040 _aDO-SdBNP
_cDLC
082 _a378.001
_bR332
245 0 0 _aReflexiones para un modelo educativo universitario ignaciano /
_ceditora ; Hilda Elena Hernández.
260 _aJalisco :
_bITESO,
_c1998.
300 _a298 p. :
_bil. ;
_c22 cm.
490 1 _aPedagogía ignaciana
_v5
500 _a"Este libro tiene la finalidad de presentar de manera conjunta las participaciones que se dieron en el Seminario Internacional sobre el Modelo Ignaciano Universitario, organizado por el Instituto Tecnológico y de Estudios Superiores de Occidente (ITESO) ... del 16 al 18 de febrero de 1998"--P. 9.
504 _aIncluye referencias bibliográficas.
650 0 _aEducación superior
_9736
610 2 0 _aJESUITAS
_xEDUCACION
_xCONGRESOS.
_928548
700 1 _aHernández, Hilda.
_eed.
_928549
710 2 _aInstituto Tecnológico de Estudios Superiores de Occidente (Guadalajara, Mexico)
_928550
711 2 _aSeminario Internacional sobre el Modelo Ignaciano Universitario
_d(1998 :
_cGuadalajara, México?)
_928551
830 0 _aPedagogía ignaciana ;
_v5
_928552
910 _aCatalogación por copia / LC
049 _aBNGR
999 _c11753
_d11753